Normal view
MARC view
- Supervisor Dr. Danish Hussian
Entry Corporate Name
001 - CONTROL NUMBER
- control field: 84410
003 - CONTROL NUMBER IDENTIFIER
- control field: NUST
005 - DATE AND TIME OF LATEST TRANSACTION
- control field: 20211117152226.0
008 - FIXED-LENGTH DATA ELEMENTS
- fixed length control field: 211117|| aca||aabn | a|a d
040 ## - CATALOGING SOURCE
- Original cataloging agency: NUST
- Transcribing agency: NUST
110 ## - HEADING--CORPORATE NAME
- Corporate name or jurisdiction name as entry element: Supervisor Dr. Danish Hussian
670 ## - SOURCE DATA FOUND
- Source citation: Work cat.: (NUST): Muhammad Shahzad Alam Khan 84409, TH-SOF-1895-Navigation of a Mobile Agribot by using Multi-sensor “SLAM”, 2021.
